Top 5 European Leagues Top Scorers: 2010/11 - Statistics

General Stats
  • This quiz has been taken 18 times
  • The average score is 12 of 29
Answer Stats
League Goals Club Nationality Player % Correct
La Liga 40 Real Madrid Portugal Cristiano Ronaldo
94%
La Liga 31 Barcelona Argentina Lionel Messi
94%
Premier League 18 Arsenal Netherlands Robin van Persie
89%
La Liga 20 Atletico Madrid Argentina Sergio Aguero
89%
Premier League 20 Manchester City Argentina Carlos Tevez
83%
Premier League 20 Manchester United Bulgaria Dimitar Berbatov
83%
Serie A 21 Inter Cameroon Samuel Eto'o
78%
Serie A 28 Udinese Italy Antonio Di Natale
72%
Serie A 26 Napoli Uruguay Edinson Cavani
72%
Bundesliga 28 Bayern Munich Germany Mario Gomez
72%
La Liga 18 Barcelona Spain David Villa
61%
La Liga 18 Villarreal Italy Giuseppe Rossi
33%
La Liga 20 Sevilla Spain Alvaro Negredo
28%
Premier League 17 Sunderland/Aston Villa England Darren Bent
28%
La Liga 18 Athletic Bilbao Spain Fernando Llorente
22%
Ligue 1 17 Lyon Argentina Lisandro Lopez
22%
Bundesliga 16 Borussia Dortmund Paraguay Lucas Barrios
22%
Bundesliga 16 Eintracht Frankfurt Greece Theofanis Gekas
22%
Bundesliga 22 Freiburg Senegal Papiss Cisse
17%
La Liga 18 Valencia Spain Roberto Soldado
17%
Serie A 20 Cagliari/Juventus Italy Alessandro Matri
11%
Ligue 1 22 Lorient France Kevin Gameiro
11%
Serie A 19 Bologna Italy Marco Di Vaio
11%
Bundesliga 16 Kaiserslautern Croatia Srdan Lakic
11%
Bundesliga 17 Koln Slovenia Milivoje Novakovic
6%
Premier League 15 West Brom Nigeria Peter Odemwingie
6%
Ligue 1 17 Caen Morocco Youssef El-Arabi
6%
Ligue 1 17 Valenciennes France Gregory Pujol
0%
Ligue 1 25 Lille Senegal Moussa Sow
0%
No matching quizzes found
Score Distribution
Percent of People with Each Score
Percentile by Number Answered
Your Score History
You have not taken this quiz